000 00320nam a2200133 a 4500
005 20140414093835.0
008 030611s19uu xx 00 eng d
050 _aCDR 510
_bMAT 1994
245 _aMath blaster :
_bin search of spot.
650 _aCD-ROM.
650 _aMathematics.
942 _cAVM
999 _c108991
_d108991